[Event "Toronto NAYCC U12"]
[Site "Toronto"]
[Date "2013.08.18"]
[Round "9"]
[White "Balachandran, Henushan"]
[Black "Valkov, Andrey"]
[Result "1-0"]
[WhiteElo "958"]
[BlackElo "911"]
[PlyCount "133"]
[EventDate "2013.08.14"]
[EventType "swiss"]
[EventRounds "9"]
[EventCountry "CAN"]
[SourceTitle "EXT 2022"]
[Source "ChessBase"]
[SourceDate "2021.10.06"]
[SourceVersion "1"]
[SourceVersionDate "2021.10.06"]
[SourceQuality "1"]

1. e4 e5 2. Nf3 Nc6 3. Nc3 Nf6 4. Bc4 Bc5 5. 0-0 0-0 6. d3 d6 7. h3 h6 8. Be3 Bxe3 9. fxe3 b6 10. d4 Na5 11. dxe5 Nxc4 12. exf6 Qxf6 13. Nd2 Nxe3 14. Rxf6 Nxd1 15. Rf1 Nxc3 16. bxc3 a5 17. Rae1 Ba6 18. Rf4 Rae8 19. Nf3 Bb5 20. e5 Bc6 21. exd6 cxd6 22. Rxe8 Rxe8 23. Nd4 g5 24. Rf6 Kg7 25. Rxd6 Ba4 26. Rxb6 Re1+ 27. Kf2 Rc1 28. Nf5+ Kh8 29. Rxh6+ Kg8 30. Ra6 Rxc2+ 31. Kg3 Rxc3+ 32. Kg4 Bd7 33. Rxa5 Rc4+ 34. Kxg5 Ra4 35. Rxa4 Bxa4 36. Nh6+ Kg7 37. g4 f6+ 38. Kh5 Bd1 39. Nf5+ Kh7 40. Kh4 Kg6 41. Ne7+ Kh6 42. Kg3 Kg5 43. h4+ Kh6 44. Kf4 Bc2 45. g5+ fxg5+ 46. hxg5+ Kg7 47. g6 Bxg6 48. Nxg6 Kxg6 49. Ke5 Kf7 50. Kd6 Ke8 51. Kc7 Ke7 52. a4 Ke6 53. a5 Kd5 54. a6 Kc5 55. a7 Kd4 56. a8R Ke4 57. Rd8 Ke3 58. Kc6 Ke4 59. Kc5 Ke3 60. Kc4 Kf4 61. Re8 Kg5 62. Kd4 Kg4 63. Ke5 Kg3 64. Ke4 Kg2 65. Ke3 Kg1 66. Ke2 Kh1 67. Kf2 1-0

[Event "Toronto NAYCC U12"]
[Site "Toronto"]
[Date "2013.08.15"]
[Round "3"]
[White "Valkov, Andrey"]
[Black "Yong, Hoyin"]
[Result "0-1"]
[WhiteElo "511"]
[BlackElo "1123"]
[PlyCount "146"]
[EventDate "2013.08.14"]
[EventType "swiss"]
[EventRounds "9"]
[EventCountry "CAN"]
[SourceTitle "EXT 2022"]
[Source "ChessBase"]
[SourceDate "2021.10.06"]
[SourceVersion "1"]
[SourceVersionDate "2021.10.06"]
[SourceQuality "1"]

1. e4 e5 2. Nc3 Nf6 3. Bc4 Be7 4. Nf3 Nc6 5. Nd5 0-0 6. Nxe7+ Qxe7 7. d3 d6 8. Bg5 Be6 9. Bxe6 fxe6 10. 0-0 h6 11. Bxf6 Rxf6 12. Nd2 Raf8 13. f3 d5 14. b3 Qc5+ 15. Kh1 g5 16. a3 g4 17. b4 Qd6 18. c3 Kh7 19. Rb1 gxf3 20. Nxf3 dxe4 21. dxe4 Rf4 22. b5 Na5 23. Qxd6 cxd6 24. Nd2 Rxf1+ 25. Nxf1 Nc4 26. a4 Na3 27. Rc1 Nc4 28. Ng3 Kg6 29. Rf1 Rxf1+ 30. Nxf1 Nb2 31. a5 Na4 32. c4 Nc3 33. Ng3 d5 34. exd5 exd5 35. cxd5 Nxd5 36. h4 Nc3 37. h5+ Kg5 38. a6 bxa6 39. bxa6 Nd5 40. Ne4+ Kxh5 41. Nc5 Kg4 42. Kh2 Kf4 43. Ne6+ Ke4 44. Nc5+ Kd4 45. Nb3+ Kc4 46. Nd2+ Kd3 47. Nf3 e4 48. Ne5+ Kd2 49. Kg3 e3 50. Nf3+ Kd1 51. Kh4 e2 52. g4 e1Q+ 53. Nxe1 Kxe1 54. Kh5 Nf6+ 55. Kh4 Kd2 56. Kg3 Ke3 57. Kh4 Kf4 58. g5 hxg5+ 59. Kh3 Kf3 60. Kh2 Kf2 61. Kh3 g4+ 62. Kh4 g3 63. Kg5 g2 64. Kxf6 g1Q 65. Ke6 Qg5 66. Kd6 Qb5 67. Kc7 Qb6+ 68. Kc8 Ke3 69. Kd7 Ke4 70. Kc8 Kd5 71. Kd7 Qd6+ 72. Kc8 Qe7 73. Kb8 Kc6 0-1

[Event "Toronto NAYCC U12"]
[Site "Toronto"]
[Date "2013.08.14"]
[Round "1"]
[White "Valkov, Andrey"]
[Black "Corvera Choi, Malik"]
[Result "0-1"]
[WhiteElo "1628"]
[BlackElo "1539"]
[PlyCount "56"]
[EventDate "2013.08.14"]
[EventType "swiss"]
[EventRounds "9"]
[EventCountry "CAN"]
[SourceTitle "EXT 2022"]
[Source "ChessBase"]
[SourceDate "2021.10.06"]
[SourceVersion "1"]
[SourceVersionDate "2021.10.06"]
[SourceQuality "1"]

1. e4 c5 2. Nc3 d6 3. d3 Nc6 4. Bf4 e6 5. Nf3 Nge7 6. g3 g6 7. Bg2 Bg7 8. Qe2 0-0 9. 0-0 d5 10. Qe3 d4 11. Qe2 dxc3 12. bxc3 Bxc3 13. Rab1 Bg7 14. Rb3 Nd4 15. Nxd4 cxd4 16. Bg5 f6 17. Bh4 g5 18. Bxg5 fxg5 19. e5 Ng6 20. Bh3 Nxe5 21. Qh5 Nf3+ 22. Kg2 Qd5 23. Rd1 b6 24. Bg4 Nd2+ 25. Bf3 Nxf3 26. Ra3 Bb7 27. Qg4 Nd2+ 28. Kh3 Qg2# 0-1